000 00550cam a22002051 4500
001 1697308
005 20180122051358.0
008 731212s1967 nyua bp 000 0 eng
010 _a 66019239
040 _aDLC
_cDLC
_dDLC
041 _aeng
080 _a616.107572 NIC
082 0 0 _a616.107572 NIC
100 1 _a7
101 _aKARD
245 1 0 _aCardiovascular roentgenology:
_c[by] Charles M. Nice.
504 _aBibliography: p. 251-254.
906 _a7
_bcbc
_corignew
_du
_eocip
_f19
_gy-gencatlg
942 _2ddc
_cBK
999 _c40650
_d40650